| 000 | 00364nam a2200145Ia 4500 | ||
|---|---|---|---|
| 005 | 20251222144912.0 | ||
| 008 | 251222s9999||||xx |||||||||||||| ||spa|| | ||
| 020 | _a978-612-304-163-2 | ||
| 082 | _a005.3/C28/2014 | ||
| 100 | _aCarranza Zavala, Óscar | ||
| 245 | 0 | _aUna nueva experiencia con Autocad 2014 | |
| 250 | _a1a.ed. | ||
| 264 | _bMacro, | ||
| 942 | _cLIB | ||
| 999 |
_c22377 _d22377 |
||